000 01001nam a22002417a 4500
003 PE SENCICO BE
005 20251020182647.0
008 231117b |||||||| |||| 00| 0 eng d
040 _aPE SENCICO BE
_cPE SENCICO BE
041 _aspa
084 _aI
_aDIS
_a2016
_bV37
100 1 _91808
_aVega Quispe, Claudia Melissa
_eautor
245 1 _aAntropometría y ergonomía en proyectos de diseño interior /
_cClaudia Melissa Vega Quispe
260 _aLima :
_c2016
300 _a48 h. :
_bil., diagrs., tabls. ;
_c30 cm
502 _aMonografía de Titulación.-- Servicio Nacional de Capacitación para la Industria de la Construcción. Escuela Superior Técnica. Carrera Profesional Técnica en Diseño de Interiores, 2016
650 1 0 _91800
_aAntropometría
650 2 0 _9349
_aErgonomía
650 2 0 _944
_aDiseño de interiores
710 1 _aServicio Nacional de Capacitación para la Industria de la Construcción.
_bEscuela Superior Técnica
_91065
910 _bhfp
_chfp
942 _cMON
999 _c4457
_d4457